00405nam a22001337a 4500008004100000040005500041080002000096100002000116245005400136260004300190300001100233650001300244653001400257230608b |||||||| |||| 00| 0 eng d aNational Science LibrarycNational Science Library aR 802.0-314bK2 aDutch, Robert A aOriginal's thesaurus of English words and Phrases aNew York: bSt. Martin's Press, c1962 a1405p. aLanguage aThesaurus